Grey : padesát odstínů šedi pohledem Christiana Greye /

Hlavní autor: James, E. L., 1963-
Další autoři: Lišková, Zdenka
Jazyk: Čeština
Vydáno: Praha : XYZ ve společnosti Albatros Media a.s., 2016
Vydání: 1. vydání
Témata:
Externí odkaz: Digitalizovaný dokument
Fyzický popis: 557 stran ; 21 cm
Knihy
Uloženo v:
LEADER 01984nam a2200481 i 4500
001 nkc20162777779
003 CZ PrNK
005 20231205235008.0
007 ta
008 160212s2016 xr g 000 f cze
015 |a cnb002777779 
020 |a 978-80-7505-259-9  |q (vázáno) 
020 |a 978-80-7505-480-7  |q (soubor 1-2) 
035 |a (OCoLC)946294631 
040 |a OLA001  |b cze  |d ABA001  |e rda 
041 1 |a cze  |h eng 
072 7 |a 821.111-3  |x Anglická próza, anglicky psaná  |2 Konspekt  |9 25 
080 |a 821.111-31  |2 MRF 
080 |a (0:82-993)  |2 MRF 
100 1 |a James, E. L.,  |d 1963-  |7 kv2012723230  |4 aut 
240 1 0 |a Grey.  |l Česky 
245 1 0 |a Grey :  |b padesát odstínů šedi pohledem Christiana Greye /  |c E L James ; z anglického originálu Grey ... přeložila Zdenka Lišková 
246 3 0 |a Padesát odstínů šedi pohledem Christiana Greye 
250 |a 1. vydání 
264 1 |a Praha :  |b XYZ ve společnosti Albatros Media a.s.,  |c 2016 
300 |a 557 stran ;  |c 21 cm 
336 |a text  |b txt  |2 rdacontent 
337 |a bez média  |b n  |2 rdamedia 
338 |a svazek  |b nc  |2 rdacarrier 
500 |a Část nákladu distribuována r. 2016 s dalším svazkem (Padesát odstínů šedi) ve společném kartonovém pouzdru; ISBN souboru na krabici 
655 7 |a anglické romány  |7 fd131814  |2 czenas 
655 7 |a erotické romány  |7 fd132211  |2 czenas 
655 9 |a English fiction  |2 eczenas 
655 9 |a erotic novels  |2 eczenas 
700 1 |a Lišková, Zdenka  |7 pna2012730651  |4 trl 
856 4 1 |u http://www.digitalniknihovna.cz/mzk/uuid/uuid:952cc030-732b-11ee-9a22-5ef3fc9bb22f  |y Digitalizovaný dokument  |x NDK 
910 2 |a BOA001  |b 2-1360.820 
928 9 |a Albatros Media - XYZ 
990 |a BK 
995 |a 01 
991 |b 201603  |c NOV 
996 6 |b 2610660967  |c 2-1360.820  |l MZK  |r Sklad / do 1 hodiny  |n 7  |p p.v.  |w 001547327  |u 000010  |a 1  |e BOA001  |j MZK50  |s P 
996 7 |b 2610690157  |c 2-1360.820  |l MZK  |r Sklad / do 1 hodiny  |n 17  |p dar  |w 001547327  |u 000020  |a 1  |e BOA001  |j MZK50  |s A